| 000 | 00387nam a2200157Ia 4500 | ||
|---|---|---|---|
| 003 | GCL | ||
| 008 | 140319s9999 xx 000 0 eng d | ||
| 040 |
_aGCL / _cGCL |
||
| 082 | 0 | 4 |
_a621.381 _bW G |
| 100 | 1 | _aWILSON, SAM | |
| 245 | 1 | 0 |
_aGET STUDY GUIDE, 3RD, ED. / _cWILSON, SAM |
| 260 |
_a[S.N] : _bTAB BOOKS ، _c1993 |
||
| 300 | _a268 P | ||
| 650 | 0 | 4 | _aELECTRONICS |
| 942 |
_2ddc _cBK |
||
| 999 |
_c21215 _d21215 |
||